[Event "Deutsche Ländermeisterschaft 2019"]
[Site "Würzburg GER"]
[Date "2019.10.03"]
[Round "3"]
[White "Browning, Alex"]
[Black "Roseneck, Jonas"]
[Result "1/2-1/2"]
[Termination "normal"]
[Board "1.1"]
[WhiteTitle "FM"]
[BlackTitle "FM"]
[WhiteElo "2303"]
[BlackElo "2402"]
[WhiteClock "00:56:24"]
[BlackClock "00:28:32"]
[WhiteTeam "Nordrhein-Westfalen"]
[BlackTeam "Sachsen-Anhalt"]
[PlyCount "94"]
[WhiteFideId "12984019"]
[BlackFideId "12939870"]
[EventCountry "GER"]
[EventRounds "7"]
[EventType "team-swiss"]
[EventDate "2019.10.01"]

1. Nf3 {[%clk 1:30:58]} Nf6 {[%clk 1:30:37]} 2. g3 {[%clk 1:31:22]} g6 {[%clk
1:31:01]} 3. Bg2 {[%clk 1:31:21]} Bg7 {[%clk 1:31:25]} 4. O-O {[%clk 1:31:45]}
d5 {[%clk 1:31:52]} 5. d4 {[%clk 1:32:04]} O-O {[%clk 1:32:16]} 6. c4 {[%clk
1:32:26]} dxc4 {[%clk 1:32:42]} 7. Na3 {[%clk 1:32:46]} c3 {[%clk 1:32:36]} 8.
bxc3 {[%clk 1:33:08]} c5 {[%clk 1:33:03]} 9. Re1 {[%clk 1:31:53]} Nc6 {[%clk
1:27:39]} 10. Bb2 {[%clk 1:29:53]} Qb6 {[%clk 1:02:17]} 11. Nc4 {[%clk
1:29:45]} Qa6 {[%clk 0:55:25]} 12. Ncd2 {[%clk 1:29:42]} Nd5 {[%clk 0:38:51]}
13. e4 {[%clk 1:24:15]} Nb6 {[%clk 0:39:16]} 14. a4 {[%clk 1:08:10]} cxd4
{[%clk 0:39:37]} 15. cxd4 {[%clk 1:05:38]} Bg4 {[%clk 0:34:28]} 16. h3 {[%clk
0:58:54]} Nc4 {[%clk 0:29:44]} 17. Nxc4 {[%clk 0:56:11]} Bxf3 {[%clk 0:30:10]}
18. Bxf3 {[%clk 0:53:28]} Qxc4 {[%clk 0:30:38]} 19. Rc1 {[%clk 0:51:45]} Qa6
{[%clk 0:25:36]} 20. e5 {[%clk 0:47:15]} Rfd8 {[%clk 0:19:45]} 21. d5 {[%clk
0:46:22]} Nb4 {[%clk 0:18:48]} 22. Be4 {[%clk 0:43:29]} Nxd5 {[%clk 0:15:44]}
23. Bxd5 {[%clk 0:37:58]} e6 {[%clk 0:16:09]} 24. Qf3 {[%clk 0:36:23]} Rxd5
{[%clk 0:15:05]} 25. Rc7 {[%clk 0:36:38]} Rf8 {[%clk 0:15:32]} 26. Ba3 {[%clk
0:36:59]} Qa5 {[%clk 0:10:13]} 27. Rec1 {[%clk 0:35:18]} Bxe5 {[%clk 0:10:42]}
28. Rxb7 {[%clk 0:29:52]} Bd6 {[%clk 0:09:34]} 29. Bxd6 {[%clk 0:29:54]} Rxd6
{[%clk 0:10:33]} 30. Rc8 {[%clk 0:29:55]} Rdd8 {[%clk 0:08:06]} 31. Rxd8 Qxd8
{[%clk 0:08:35]} 32. Rxa7 {[%clk 0:30:29]} Qd4 {[%clk 0:09:02]} 33. Ra8 {[%clk
0:29:43]} Rxa8 {[%clk 0:05:42]} 34. Qxa8+ Kg7 35. a5 {[%clk 0:29:34]} e5 {[%clk
0:06:41]} 36. Qa6 {[%clk 0:29:51]} e4 {[%clk 0:05:34]} 37. Qb6 {[%clk 0:30:08]}
Qd1+ {[%clk 0:04:57]} 38. Kh2 {[%clk 0:30:10]} Qe2 {[%clk 0:05:25]} 39. Qd4+
{[%clk 0:29:16]} Kg8 {[%clk 0:05:36]} 40. h4 {[%clk 0:29:18]} Qa2 {[%clk
0:04:27]} 41. Qd8+ {[%clk 0:28:10]} Kg7 {[%clk 0:04:48]} 42. Kg1 {[%clk
0:28:28]} h5 {[%clk 0:29:18]} 43. Qd4+ {[%clk 0:58:20]} Kg8 {[%clk 0:28:51]}
44. Qc3 {[%clk 0:58:09]} Qe2 {[%clk 0:28:02]} 45. Qa3 {[%clk 0:58:25]} Qe1+
{[%clk 0:27:50]} 46. Kg2 {[%clk 0:58:24]} e3 {[%clk 0:28:07]} 47. Qxe3 {[%clk
0:56:24]} Qxa5 {[%clk 0:28:32]} 1/2-1/2

[Event "Deutsche Ländermeisterschaft 2019"]
[Site "Würzburg GER"]
[Date "2019.10.03"]
[Round "3"]
[White "Gallasch, Jonas"]
[Black "Pallas, Sebastian"]
[Result "0-1"]
[Termination "normal"]
[Board "1.3"]
[WhiteElo "2124"]
[BlackElo "2291"]
[WhiteClock "00:01:24"]
[BlackClock "00:06:07"]
[WhiteTeam "Nordrhein-Westfalen"]
[BlackTeam "Sachsen-Anhalt"]
[PlyCount "118"]
[WhiteFideId "16222474"]
[BlackFideId "12905453"]
[EventCountry "GER"]
[EventRounds "7"]
[EventType "team-swiss"]
[EventDate "2019.10.01"]

1. d4 {[%clk 1:30:57]} Nf6 {[%clk 1:30:45]} 2. c4 {[%clk 1:31:20]} g6 {[%clk
1:30:48]} 3. h4 {[%clk 1:31:32]} h6 {[%clk 1:22:30]} 4. Nc3 {[%clk 1:26:51]} d5
{[%clk 1:22:51]} 5. cxd5 {[%clk 1:26:29]} Nxd5 {[%clk 1:23:12]} 6. e4 {[%clk
1:26:15]} Nxc3 {[%clk 1:23:34]} 7. bxc3 {[%clk 1:26:39]} Bg7 {[%clk 1:23:52]}
8. Bc4 {[%clk 1:26:35]} c5 {[%clk 1:22:04]} 9. Ne2 {[%clk 1:26:47]} Nc6 {[%clk
1:20:56]} 10. Be3 {[%clk 1:24:45]} Qa5 {[%clk 1:09:15]} 11. O-O {[%clk
1:19:52]} O-O {[%clk 1:08:43]} 12. Rb1 {[%clk 1:10:47]} a6 {[%clk 0:57:58]} 13.
Bd5 {[%clk 1:06:31]} cxd4 {[%clk 0:49:58]} 14. cxd4 {[%clk 1:06:43]} e6 {[%clk
0:49:54]} 15. Bxc6 {[%clk 0:59:26]} bxc6 {[%clk 0:50:18]} 16. Qc1 {[%clk
0:59:51]} e5 {[%clk 0:33:58]} 17. Qxc6 {[%clk 0:50:52]} Bg4 {[%clk 0:33:30]}
18. f3 {[%clk 0:48:59]} Qxa2 {[%clk 0:32:24]} 19. Rbe1 {[%clk 0:39:14]} Rac8
{[%clk 0:29:08]} 20. Qb6 {[%clk 0:39:05]} Bd7 {[%clk 0:20:48]} 21. d5 {[%clk
0:35:54]} Bb5 {[%clk 0:20:12]} 22. Rf2 {[%clk 0:35:10]} Rb8 {[%clk 0:19:34]}
23. Qa7 {[%clk 0:34:20]} Ra8 {[%clk 0:18:06]} 24. Qe7 {[%clk 0:32:55]} Rfe8
{[%clk 0:17:45]} 25. Qb4 {[%clk 0:31:43]} Bf8 {[%clk 0:18:08]} 26. Qb1 {[%clk
0:30:27]} Qxb1 {[%clk 0:16:45]} 27. Rxb1 {[%clk 0:30:52]} f5 {[%clk 0:16:47]}
28. g3 {[%clk 0:22:48]} fxe4 {[%clk 0:16:07]} 29. fxe4 {[%clk 0:22:49]} Bd3
{[%clk 0:16:23]} 30. Rb6 {[%clk 0:23:07]} Bxe4 {[%clk 0:16:23]} 31. Nc3 {[%clk
0:23:24]} Bd3 {[%clk 0:16:12]} 32. Rd2 {[%clk 0:23:27]} e4 {[%clk 0:16:31]} 33.
Rxg6+ {[%clk 0:23:18]} Kh7 {[%clk 0:16:57]} 34. Rb6 {[%clk 0:23:11]} Bg7 {[%clk
0:16:19]} 35. Na4 {[%clk 0:19:14]} Rf8 {[%clk 0:08:52]} 36. Rf2 {[%clk
0:12:54]} Rxf2 {[%clk 0:04:03]} 37. Bxf2 {[%clk 0:13:16]} Rd8 {[%clk 0:04:15]}
38. d6 {[%clk 0:12:26]} Be5 {[%clk 0:03:46]} 39. Rb7+ {[%clk 0:12:13]} Kg8
{[%clk 0:03:17]} 40. d7 {[%clk 0:12:07]} Bb5 {[%clk 0:03:39]} 41. Nc5 {[%clk
0:11:12]} Kf7 {[%clk 0:16:58]} 42. Kh2 {[%clk 0:38:24]} Ke7 {[%clk 0:15:30]}
43. Be3 {[%clk 0:37:31]} Kd6 {[%clk 0:11:24]} 44. Nxe4+ {[%clk 0:25:00]} Kd5
{[%clk 0:11:34]} 45. Nc5 {[%clk 0:20:21]} Bd6 {[%clk 0:09:54]} 46. Nb3 {[%clk
0:17:03]} h5 {[%clk 0:08:07]} 47. Nd4 {[%clk 0:13:22]} Rxd7 {[%clk 0:07:51]}
48. Rxd7 {[%clk 0:09:17]} Bxd7 {[%clk 0:08:16]} 49. Kg2 {[%clk 0:05:13]} Ke4
{[%clk 0:06:15]} 50. Bf2 {[%clk 0:04:51]} a5 {[%clk 0:05:47]} 51. Nb3 {[%clk
0:05:02]} a4 {[%clk 0:04:05]} 52. Nc5+ {[%clk 0:05:12]} Bxc5 {[%clk 0:04:08]}
53. Bxc5 {[%clk 0:05:36]} Kd5 {[%clk 0:04:12]} 54. Be7 {[%clk 0:04:57]} Kc4
{[%clk 0:04:40]} 55. Kf2 {[%clk 0:05:15]} Kb3 {[%clk 0:05:06]} 56. Ke3 {[%clk
0:05:35]} a3 {[%clk 0:05:09]} 57. Kd2 {[%clk 0:04:15]} Kb2 {[%clk 0:05:31]} 58.
Bd6 {[%clk 0:01:20]} a2 {[%clk 0:05:42]} 59. Be5+ {[%clk 0:01:24]} Kb1 {[%clk
0:06:07]} 0-1

[Event "Deutsche Ländermeisterschaft 2019"]
[Site "Würzburg GER"]
[Date "2019.10.03"]
[Round "3"]
[White "Post, Hugo"]
[Black "Gutkin, Ilya"]
[Result "1/2-1/2"]
[Termination "normal"]
[Board "1.4"]
[WhiteElo "2204"]
[BlackElo "2020"]
[WhiteClock "00:04:01"]
[BlackClock "00:01:08"]
[WhiteTeam "Sachsen-Anhalt"]
[BlackTeam "Nordrhein-Westfalen"]
[PlyCount "147"]
[WhiteFideId "12962490"]
[BlackFideId "16203470"]
[EventCountry "GER"]
[EventRounds "7"]
[EventType "team-swiss"]
[EventDate "2019.10.01"]

1. e4 {[%clk 1:30:57]} c5 {[%clk 1:30:44]} 2. Nf3 {[%clk 1:31:08]} e6 {[%clk
1:31:08]} 3. d4 {[%clk 1:31:09]} cxd4 {[%clk 1:31:32]} 4. Nxd4 {[%clk 1:31:34]}
Nf6 {[%clk 1:31:57]} 5. Nc3 {[%clk 1:31:15]} Nc6 {[%clk 1:32:22]} 6. Nxc6
{[%clk 1:31:09]} bxc6 {[%clk 1:32:35]} 7. e5 {[%clk 1:31:05]} Nd5 {[%clk
1:32:57]} 8. Ne4 {[%clk 1:30:55]} Qc7 {[%clk 1:33:19]} 9. f4 {[%clk 1:30:24]}
Qb6 {[%clk 1:33:43]} 10. c4 {[%clk 1:27:59]} Bb4+ {[%clk 1:33:31]} 11. Ke2
{[%clk 1:28:15]} f5 {[%clk 1:33:33]} 12. exf6 {[%clk 1:19:04]} Nxf6 {[%clk
1:32:50]} 13. Be3 {[%clk 1:17:05]} Qd8 {[%clk 1:32:35]} 14. Nd6+ {[%clk
1:10:29]} Bxd6 {[%clk 1:32:53]} 15. Qxd6 {[%clk 1:10:54]} Bb7 {[%clk 1:32:45]}
16. f5 {[%clk 0:40:19]} exf5 {[%clk 1:24:40]} 17. Bg5 {[%clk 0:39:17]} Kf7
{[%clk 1:07:04]} 18. Bxf6 {[%clk 0:37:03]} Re8+ {[%clk 1:06:39]} 19. Kf2 {[%clk
0:32:05]} Qxf6 {[%clk 1:06:54]} 20. Qxf6+ {[%clk 0:29:04]} Kxf6 {[%clk
1:06:15]} 21. c5 {[%clk 0:27:40]} Re5 {[%clk 1:01:12]} 22. Rc1 {[%clk 0:21:39]}
a5 {[%clk 0:59:12]} 23. Kf3 {[%clk 0:20:35]} Ba6 {[%clk 0:55:42]} 24. Bxa6
{[%clk 0:20:50]} Rxa6 {[%clk 0:56:06]} 25. Rhd1 {[%clk 0:21:16]} Ra7 {[%clk
0:54:43]} 26. Rd4 {[%clk 0:18:54]} Rb7 {[%clk 0:51:14]} 27. b3 {[%clk 0:18:37]}
g6 {[%clk 0:42:04]} 28. Rc2 {[%clk 0:16:57]} Ke6 {[%clk 0:36:51]} 29. Rd6+
{[%clk 0:09:42]} Ke7 {[%clk 0:37:10]} 30. Rd4 {[%clk 0:10:01]} Rb4 {[%clk
0:30:56]} 31. Rxb4 {[%clk 0:07:31]} axb4 {[%clk 0:31:19]} 32. Rc4 {[%clk
0:07:59]} g5 {[%clk 0:31:16]} 33. Rxb4 {[%clk 0:07:58]} Rxc5 {[%clk 0:31:34]}
34. a4 {[%clk 0:08:12]} Rc3+ {[%clk 0:25:11]} 35. Ke2 {[%clk 0:08:33]} Rc2+
{[%clk 0:25:36]} 36. Kf3 {[%clk 0:07:58]} Kd6 {[%clk 0:22:35]} 37. a5 {[%clk
0:06:43]} Ra2 {[%clk 0:21:16]} 38. Rd4+ {[%clk 0:07:07]} Ke6 {[%clk 0:21:39]}
39. b4 {[%clk 0:06:47]} Ra4 {[%clk 0:14:31]} 40. Rc4 {[%clk 0:02:37]} c5 {[%clk
0:03:22]} 41. Rxc5 {[%clk 0:02:47]} Rxb4 {[%clk 0:03:47]} 42. Rc8 {[%clk
0:01:39]} Ra4 {[%clk 0:04:11]} 43. Ra8 {[%clk 0:02:01]} Ke5 {[%clk 0:26:05]}
44. a6 {[%clk 0:28:53]} Ra3+ {[%clk 0:25:27]} 45. Ke2 {[%clk 0:28:02]} d5
{[%clk 0:25:32]} 46. a7 {[%clk 0:27:52]} Kd4 {[%clk 0:25:51]} 47. h3 {[%clk
0:18:43]} g4 {[%clk 0:12:58]} 48. hxg4 {[%clk 0:18:16]} fxg4 {[%clk 0:13:24]}
49. g3 {[%clk 0:13:52]} Ra2+ {[%clk 0:13:19]} 50. Kf1 {[%clk 0:14:07]} h5
{[%clk 0:11:48]} 51. Kg1 {[%clk 0:13:50]} Ra5 {[%clk 0:06:42]} 52. Kg2 {[%clk
0:14:30]} Ra3 {[%clk 0:05:39]} 53. Kf2 {[%clk 0:14:12]} Rf3+ {[%clk 0:04:55]}
54. Kg2 {[%clk 0:14:22]} Rf7 {[%clk 0:04:53]} 55. Kg1 {[%clk 0:13:23]} Rd7
{[%clk 0:05:15]} 56. Rh8 {[%clk 0:11:58]} Rxa7 {[%clk 0:05:39]} 57. Rxh5 {[%clk
0:12:25]} Ke4 {[%clk 0:05:13]} 58. Rg5 {[%clk 0:09:28]} d4 {[%clk 0:04:35]} 59.
Rxg4+ {[%clk 0:09:21]} Ke3 {[%clk 0:04:38]} 60. Rg8 {[%clk 0:07:35]} d3 {[%clk
0:02:37]} 61. Re8+ {[%clk 0:06:26]} Kf3 {[%clk 0:02:43]} 62. Rd8 {[%clk
0:05:05]} Ke2 {[%clk 0:02:00]} 63. Re8+ {[%clk 0:05:02]} Kd1 {[%clk 0:00:54]}
64. Rd8 {[%clk 0:04:38]} d2 {[%clk 0:00:44]} 65. Kf2 {[%clk 0:04:39]} Re7
{[%clk 0:00:44]} 66. Rc8 {[%clk 0:03:31]} Rf7+ {[%clk 0:01:03]} 67. Kg2 {[%clk
0:03:52]} Rf5 {[%clk 0:00:45]} 68. Rc7 {[%clk 0:02:55]} Ke2 {[%clk 0:00:50]}
69. Re7+ {[%clk 0:03:22]} Kd3 {[%clk 0:01:12]} 70. Rd7+ {[%clk 0:03:50]} Ke3
{[%clk 0:01:29]} 71. Rd8 {[%clk 0:03:51]} Re5 {[%clk 0:00:45]} 72. Rd7 {[%clk
0:03:10]} Re4 {[%clk 0:00:50]} 73. Kf1 {[%clk 0:03:35]} Rd4 {[%clk 0:01:08]}
74. Rxd4 {[%clk 0:04:01]} 1/2-1/2

[Event "Deutsche Ländermeisterschaft 2019"]
[Site "Würzburg GER"]
[Date "2019.10.03"]
[Round "3"]
[White "Bashylina, Luisa"]
[Black "Stockmann, Till"]
[Result "0-1"]
[Termination "normal"]
[Board "1.5"]
[WhiteTitle "WCM"]
[WhiteElo "1933"]
[BlackElo "1884"]
[WhiteClock "00:00:57"]
[BlackClock "00:02:49"]
[WhiteTeam "Nordrhein-Westfalen"]
[BlackTeam "Sachsen-Anhalt"]
[PlyCount "88"]
[WhiteFideId "12983292"]
[BlackFideId "12979341"]
[EventCountry "GER"]
[EventRounds "7"]
[EventType "team-swiss"]
[EventDate "2019.10.01"]

1. e4 {[%clk 1:30:57]} c5 {[%clk 1:30:53]} 2. Nf3 {[%clk 1:31:23]} e6 {[%clk
1:31:11]} 3. d4 {[%clk 1:31:33]} cxd4 {[%clk 1:31:36]} 4. Nxd4 {[%clk 1:32:00]}
a6 {[%clk 1:31:51]} 5. g3 {[%clk 1:31:26]} Nf6 {[%clk 1:27:06]} 6. Bg2 {[%clk
1:31:48]} Qc7 {[%clk 1:25:39]} 7. O-O {[%clk 1:31:46]} Nc6 {[%clk 1:19:52]} 8.
Nb3 {[%clk 1:24:35]} Be7 {[%clk 1:15:39]} 9. f4 {[%clk 1:24:17]} d6 {[%clk
1:15:59]} 10. a4 {[%clk 1:22:17]} O-O {[%clk 1:13:31]} 11. Nc3 {[%clk 1:21:55]}
Rb8 {[%clk 1:10:56]} 12. g4 {[%clk 1:13:08]} h6 {[%clk 0:59:15]} 13. Be3 {[%clk
1:05:07]} b6 {[%clk 0:54:07]} 14. Qe2 {[%clk 0:51:39]} Bb7 {[%clk 0:48:39]} 15.
g5 {[%clk 0:49:38]} hxg5 {[%clk 0:46:54]} 16. fxg5 {[%clk 0:49:41]} Nh7 {[%clk
0:46:38]} 17. g6 {[%clk 0:42:48]} fxg6 {[%clk 0:42:19]} 18. Qc4 {[%clk
0:39:16]} Qd7 {[%clk 0:30:39]} 19. Bh3 {[%clk 0:35:20]} Bc8 {[%clk 0:30:17]}
20. Nd5 {[%clk 0:33:11]} Bd8 {[%clk 0:21:49]} 21. Rxf8+ {[%clk 0:25:13]} Nxf8
{[%clk 0:19:33]} 22. Qc3 {[%clk 0:21:54]} Qb7 {[%clk 0:16:37]} 23. Nb4 {[%clk
0:17:55]} Ne5 {[%clk 0:15:51]} 24. Bg2 {[%clk 0:16:50]} Bf6 {[%clk 0:14:35]}
25. Bd4 {[%clk 0:15:25]} Bd7 {[%clk 0:11:47]} 26. Qg3 {[%clk 0:13:09]} g5
{[%clk 0:08:55]} 27. Nd3 {[%clk 0:09:21]} Nfg6 {[%clk 0:08:19]} 28. Nxe5 {[%clk
0:09:21]} Nxe5 {[%clk 0:08:39]} 29. Be3 {[%clk 0:07:58]} Qc7 {[%clk 0:06:53]}
30. Nd4 {[%clk 0:07:29]} Nc4 {[%clk 0:06:39]} 31. b4 {[%clk 0:06:20]} Nxe3
{[%clk 0:06:29]} 32. Qxe3 {[%clk 0:06:44]} Qc4 {[%clk 0:06:45]} 33. c3 {[%clk
0:06:11]} Rc8 {[%clk 0:06:56]} 34. Ra3 {[%clk 0:06:14]} Bxd4 {[%clk 0:06:41]}
35. cxd4 {[%clk 0:04:14]} Qxb4 {[%clk 0:06:47]} 36. Rb3 {[%clk 0:04:24]} Qxa4
{[%clk 0:06:46]} 37. Rxb6 {[%clk 0:04:27]} Qa1+ {[%clk 0:07:11]} 38. Bf1 {[%clk
0:04:21]} Bb5 {[%clk 0:07:22]} 39. Qh3 {[%clk 0:04:12]} Qxd4+ {[%clk 0:07:05]}
40. Kh1 {[%clk 0:03:29]} Qxe4+ {[%clk 0:05:25]} 41. Kg1 {[%clk 0:02:37]} Qd4+
{[%clk 0:03:20]} 42. Kh1 {[%clk 0:02:48]} Qd5+ {[%clk 0:02:29]} 43. Kg1 {[%clk
0:02:56]} Qc5+ {[%clk 0:02:31]} 44. Kh1 {[%clk 0:00:57]} Bc6+ {[%clk 0:02:49]}
0-1

[Event "Deutsche Ländermeisterschaft 2019"]
[Site "Würzburg GER"]
[Date "2019.10.03"]
[Round "3"]
[White "Dietz, Kristin"]
[Black "Browning, Rebecca"]
[Result "1-0"]
[Termination "normal"]
[Board "1.6"]
[WhiteElo "1948"]
[BlackElo "1932"]
[WhiteClock "00:06:44"]
[BlackClock "00:55:15"]
[WhiteTeam "Sachsen-Anhalt"]
[BlackTeam "Nordrhein-Westfalen"]
[PlyCount "109"]
[WhiteFideId "12993743"]
[BlackFideId "12984027"]
[EventCountry "GER"]
[EventRounds "7"]
[EventType "team-swiss"]
[EventDate "2019.10.01"]

1. e4 {[%clk 1:30:59]} e6 {[%clk 1:30:58]} 2. d4 {[%clk 1:31:21]} d5 {[%clk
1:31:27]} 3. Nd2 {[%clk 1:31:31]} c5 {[%clk 1:31:54]} 4. exd5 {[%clk 1:20:06]}
exd5 {[%clk 1:32:17]} 5. Ngf3 {[%clk 1:17:34]} Nc6 {[%clk 1:32:36]} 6. Be2
{[%clk 1:15:10]} cxd4 {[%clk 1:31:20]} 7. O-O {[%clk 1:13:16]} Bd6 {[%clk
1:31:22]} 8. h3 {[%clk 1:12:46]} Nge7 {[%clk 1:31:05]} 9. Nb3 {[%clk 1:12:05]}
O-O {[%clk 1:31:22]} 10. Nbxd4 {[%clk 1:10:35]} a6 {[%clk 1:30:34]} 11. Be3
{[%clk 1:06:59]} Bc7 {[%clk 1:30:39]} 12. c3 {[%clk 1:05:29]} Qd6 {[%clk
1:30:48]} 13. Bd3 {[%clk 0:58:45]} Nxd4 {[%clk 1:28:05]} 14. Bxd4 {[%clk
0:58:19]} Nc6 {[%clk 1:27:45]} 15. Bc2 {[%clk 0:57:35]} Nxd4 {[%clk 1:25:48]}
16. Qxd4 {[%clk 0:57:50]} Bb6 {[%clk 1:25:52]} 17. Qd3 {[%clk 0:55:17]} g6
{[%clk 1:26:08]} 18. Rad1 {[%clk 0:54:46]} Rd8 {[%clk 1:19:00]} 19. Bb3 {[%clk
0:53:09]} Bf5 {[%clk 1:19:10]} 20. Qd2 {[%clk 0:52:28]} Bxh3 {[%clk 1:19:10]}
21. Qh6 {[%clk 0:48:53]} Be6 {[%clk 1:15:36]} 22. Ng5 {[%clk 0:45:14]} Qe5
{[%clk 1:15:02]} 23. Qxh7+ {[%clk 0:41:35]} Kf8 {[%clk 1:15:25]} 24. Nxe6+
{[%clk 0:38:00]} Qxe6 {[%clk 1:14:34]} 25. Rxd5 {[%clk 0:32:43]} Qf6 {[%clk
1:12:42]} 26. Qh6+ {[%clk 0:31:33]} Kg8 {[%clk 1:12:49]} 27. Rh5 {[%clk
0:29:25]} Qg7 {[%clk 1:05:16]} 28. Bxf7+ {[%clk 0:22:23]} Kxf7 {[%clk 1:05:02]}
29. Qf4+ {[%clk 0:22:45]} Ke6 {[%clk 1:03:33]} 30. Re1+ {[%clk 0:23:00]} Kd7
{[%clk 1:03:55]} 31. Rhe5 {[%clk 0:15:42]} Rf8 {[%clk 0:57:45]} 32. Re7+ {[%clk
0:13:40]} Qxe7 {[%clk 0:57:23]} 33. Rxe7+ {[%clk 0:14:09]} Kxe7 {[%clk
0:57:35]} 34. Qb4+ {[%clk 0:14:35]} Kf7 {[%clk 0:57:04]} 35. Qxb6 {[%clk
0:14:59]} Rab8 {[%clk 0:57:21]} 36. c4 {[%clk 0:14:00]} Rfd8 {[%clk 0:57:38]}
37. c5 {[%clk 0:13:33]} Kg7 {[%clk 0:57:32]} 38. Kh2 {[%clk 0:13:18]} Rd7
{[%clk 0:57:07]} 39. c6 {[%clk 0:10:48]} Rh8+ {[%clk 0:57:25]} 40. Kg3 {[%clk
0:11:12]} bxc6 {[%clk 0:57:26]} 41. Qxc6 {[%clk 0:10:52]} Rd3+ {[%clk 0:57:33]}
42. f3 {[%clk 0:11:07]} Rhd8 {[%clk 0:57:33]} 43. Qxa6 {[%clk 0:10:42]} Rd2
{[%clk 0:57:53]} 44. Qa5 {[%clk 0:10:27]} R8d5 {[%clk 0:57:37]} 45. Qc7+ {[%clk
0:10:31]} Kh8 {[%clk 0:57:54]} 46. a4 {[%clk 0:08:28]} Rg5+ {[%clk 0:57:36]}
47. Kf4 {[%clk 0:08:39]} Rgxg2 {[%clk 0:57:15]} 48. b4 {[%clk 0:08:21]} g5+
{[%clk 0:56:06]} 49. Kf5 {[%clk 0:08:45]} g4 {[%clk 0:55:16]} 50. fxg4 {[%clk
0:08:31]} Rdf2+ {[%clk 0:55:36]} 51. Kg5 {[%clk 0:08:40]} Rd2 {[%clk 0:54:47]}
52. b5 {[%clk 0:06:56]} Rd5+ {[%clk 0:55:10]} 53. Kf6 {[%clk 0:06:24]} Rf2+
{[%clk 0:55:04]} 54. Kg6 {[%clk 0:06:39]} Rf7 {[%clk 0:55:15]} 55. Qc8+ {[%clk
0:06:44]} 1-0

[Event "Deutsche Ländermeisterschaft 2019"]
[Site "Würzburg GER"]
[Date "2019.10.03"]
[Round "3"]
[White "Bungarten, Jona"]
[Black "Haubold, Sebastian Marcel"]
[Result "1-0"]
[Termination "normal"]
[Board "1.7"]
[WhiteElo "1669"]
[BlackElo "1585"]
[WhiteClock "01:37:01"]
[BlackClock "00:20:21"]
[WhiteTeam "Nordrhein-Westfalen"]
[BlackTeam "Sachsen-Anhalt"]
[PlyCount "133"]
[WhiteFideId "16223608"]
[BlackFideId "16259637"]
[EventCountry "GER"]
[EventRounds "7"]
[EventType "team-swiss"]
[EventDate "2019.10.01"]

1. e4 {[%clk 1:30:59]} e5 {[%clk 1:30:50]} 2. Nf3 {[%clk 1:31:24]} Nc6 {[%clk
1:31:04]} 3. Bc4 {[%clk 1:31:46]} Bc5 {[%clk 1:30:43]} 4. O-O {[%clk 1:31:20]}
Nf6 {[%clk 1:26:10]} 5. d4 {[%clk 1:30:58]} Bxd4 {[%clk 1:21:49]} 6. Nxd4
{[%clk 1:31:19]} Nxd4 {[%clk 1:18:06]} 7. f4 {[%clk 1:31:38]} d6 {[%clk
1:12:45]} 8. fxe5 {[%clk 1:32:00]} dxe5 {[%clk 1:11:25]} 9. Bg5 {[%clk
1:32:21]} Be6 {[%clk 0:58:59]} 10. Na3 {[%clk 1:32:42]} Qe7 {[%clk 0:49:14]}
11. c3 {[%clk 1:33:00]} Bxc4 {[%clk 0:47:29]} 12. Bxf6 gxf6 13. Nxc4 {[%clk
1:33:35]} Nc6 {[%clk 0:47:50]} 14. b4 {[%clk 1:32:08]} Rg8 {[%clk 0:36:20]} 15.
Ne3 {[%clk 1:31:50]} Rg6 {[%clk 0:33:08]} 16. a4 {[%clk 1:29:57]} a5 {[%clk
0:23:03]} 17. Nd5 {[%clk 1:28:08]} Qd6 {[%clk 0:22:57]} 18. Qf3 {[%clk
1:21:46]} O-O-O {[%clk 0:21:08]} 19. Rad1 {[%clk 1:21:51]} Qe6 {[%clk 0:20:37]}
20. b5 {[%clk 1:21:54]} Ne7 {[%clk 0:20:39]} 21. Ne3 {[%clk 1:12:59]} Qb3
{[%clk 0:18:55]} 22. c4 {[%clk 1:10:54]} Qb4 {[%clk 0:17:11]} 23. Qh3+ {[%clk
1:11:11]} f5 {[%clk 0:10:57]} 24. Nxf5 {[%clk 1:04:42]} Nxf5 {[%clk 0:08:22]}
25. Qxf5+ {[%clk 1:04:58]} Re6 {[%clk 0:08:47]} 26. Rxd8+ {[%clk 1:04:58]} Kxd8
{[%clk 0:08:35]} 27. Qxf7 {[%clk 1:05:21]} Qc5+ {[%clk 0:08:20]} 28. Kh1 {[%clk
1:05:13]} Rg6 {[%clk 0:04:57]} 29. Qxh7 {[%clk 1:02:43]} Re6 {[%clk 0:01:23]}
30. Qg8+ {[%clk 1:02:27]} Re8 {[%clk 0:01:27]} 31. Qd5+ {[%clk 1:02:04]} Qxd5
{[%clk 0:01:49]} 32. cxd5 {[%clk 1:02:27]} Kd7 {[%clk 0:01:50]} 33. Rf7+ {[%clk
1:02:32]} Kd6 {[%clk 0:02:06]} 34. g4 {[%clk 1:02:45]} Rg8 {[%clk 0:02:16]} 35.
h3 {[%clk 1:03:02]} c6 {[%clk 0:02:05]} 36. bxc6 {[%clk 1:03:12]} bxc6 {[%clk
0:02:31]} 37. Rf6+ {[%clk 1:03:38]} Kc5 {[%clk 0:02:57]} 38. Rxc6+ {[%clk
1:04:00]} Kd4 {[%clk 0:03:19]} 39. d6 {[%clk 1:01:37]} Kxe4 {[%clk 0:03:42]}
40. d7 {[%clk 1:02:00]} Rd8 {[%clk 0:04:06]} 41. Rd6 {[%clk 1:02:16]} Kf3
{[%clk 0:02:20]} 42. Kg1 {[%clk 0:57:42]} e4 {[%clk 0:01:17]} 43. Kf1 {[%clk
0:57:55]} e3 {[%clk 0:01:20]} 44. Rd3 {[%clk 0:58:17]} Ke4 {[%clk 0:01:28]} 45.
Ke2 {[%clk 0:58:41]} Kf4 {[%clk 0:01:39]} 46. Rd4+ {[%clk 0:58:45]} Kg5 {[%clk
0:00:42]} 47. Kxe3 {[%clk 0:59:07]} Kh4 {[%clk 0:00:54]} 48. Ke4 {[%clk
0:59:25]} Kg5 {[%clk 0:30:10]} 49. Ke5 {[%clk 1:30:21]} Kg6 {[%clk 0:28:58]}
50. Ke6 {[%clk 1:30:46]} Kg7 {[%clk 0:28:15]} 51. Ke7 {[%clk 1:31:09]} Rf8
{[%clk 0:28:12]} 52. d8=Q {[%clk 1:31:30]} Rxd8 {[%clk 0:28:04]} 53. Rxd8
{[%clk 1:31:53]} Kg6 {[%clk 0:28:17]} 54. Ra8 {[%clk 1:32:15]} Kg5 {[%clk
0:28:34]} 55. Rxa5+ {[%clk 1:32:39]} Kh4 {[%clk 0:28:56]} 56. Rh5+ {[%clk
1:33:04]} Kg3 {[%clk 0:29:12]} 57. a5 {[%clk 1:33:33]} Kf4 {[%clk 0:29:22]} 58.
a6 {[%clk 1:34:00]} Ke4 {[%clk 0:29:29]} 59. a7 {[%clk 1:34:28]} Kf4 {[%clk
0:29:47]} 60. a8=Q {[%clk 1:34:53]} Ke3 {[%clk 0:29:21]} 61. Qd5 {[%clk
1:35:08]} Kf2 {[%clk 0:29:40]} 62. Qe4 {[%clk 1:35:30]} Kg3 {[%clk 0:29:37]}
63. Qf5 {[%clk 1:35:34]} Kg2 {[%clk 0:29:22]} 64. Qf4 {[%clk 1:35:54]} Kh1
{[%clk 0:27:24]} 65. Qd2 {[%clk 1:36:15]} Kg1 {[%clk 0:23:23]} 66. Re5 {[%clk
1:36:37]} Kf1 {[%clk 0:20:21]} 67. Re1# {[%clk 1:37:01]} 1-0